000 00403nam a2200133 4500
005 20260530113901.0
100 1 _aHeiner Jacob Silvia Fdez. Et Alt
_932292
245 1 0 _adiseño hfg ulm, America Latina, Argentina, La Plata 5 Documentos
264 1 _bEdición de LOS AUTORES
_c2002
300 _a137 páginas
336 _atexto
_2rdacontent
337 _asin medio
_2rdamedia
338 _avolumen
_2rdacarrier
999 _c11779
_d11779